[Event "EU-Cup 37th"]
[Site "Mayrhofen"]
[Date "2022.10.04"]
[Round "2.6"]
[White "Buselli, Daniel"]
[Black "Spindelberger, Paul"]
[Result "1-0"]
[WhiteElo "1667"]
[BlackElo "1983"]
[PlyCount "77"]
[EventDate "2022.10.03"]
[EventType "team-swiss"]
[EventRounds "7"]
[EventCountry "AUT"]
[SourceTitle "CBM 210 Extra"]
[Source "ChessBase"]
[SourceDate "2022.11.30"]
[SourceVersion "1"]
[SourceVersionDate "2022.11.30"]
[SourceQuality "1"]
[WhiteTeam "Etela Vantaan"]
[BlackTeam "Zell/Zillertal"]
[WhiteTeamCountry "FIN"]
[BlackTeamCountry "AUT"]

1. d4 Nf6 2. c4 g6 3. Nc3 Bg7 4. e4 d6 5. f3 0-0 6. Be3 c5 7. Nge2 Nc6 8. d5 Ne5 9. Ng3 h5 10. Be2 h4 11. Nf1 e6 12. f4 Nxc4 13. Bxc4 b5 14. Bxb5 Qa5 15. Qa4 Qb4 16. Qxb4 cxb4 17. Nd1 Nxe4 18. Bc6 exd5 19. Bxa8 Be6 20. Bc6 f5 21. Nd2 d4 22. Nxe4 fxe4 23. 0-0 dxe3 24. Nxe3 Bd4 25. Rfe1 Rxf4 26. Rad1 Bc5 27. b3 h3 28. Bd5 Kf7 29. Bxe6+ Kxe6 30. Kh1 Rf2 31. gxh3 Bxe3 32. Rxe3 d5 33. Kg1 Rxa2 34. Rg3 Ra5 35. Rxg6+ Kf5 36. Rd6 Ke5 37. Rd8 e3 38. Re8+ Kf4 39. Rf1+ 1-0

[Event "London Classic op 10th"]
[Site "London"]
[Date "2018.12.14"]
[Round "6"]
[White "Chilton, James I"]
[Black "Buselli, Daniel"]
[Result "1-0"]
[WhiteElo "1738"]
[BlackElo "1552"]
[PlyCount "85"]
[EventDate "2018.12.09"]
[EventType "swiss"]
[EventRounds "9"]
[EventCountry "ENG"]
[SourceTitle "CBM 187 Extra"]
[Source "ChessBase"]
[SourceDate "2018.11.04"]
[SourceVersion "1"]
[SourceVersionDate "2018.11.04"]
[SourceQuality "1"]

1. d4 Nf6 2. c4 g6 3. Nc3 d5 4. cxd5 Nxd5 5. e4 Nxc3 6. bxc3 Bg7 7. Bc4 c5 8. Ne2 Nc6 9. Be3 0-0 10. 0-0 Qc7 11. Qc1 Rd8 12. Rd1 b6 13. Bf4 Qb7 14. Bh6 Na5 15. Bd5 Nc6 16. dxc5 Bd7 17. cxb6 axb6 18. Nd4 e6 19. Bxg7 Kxg7 20. Bb3 Nxd4 21. Rxd4 e5 22. Rd6 Qc7 23. Qd2 Be6 24. Rxd8 Rxd8 25. Bd5 Qc5 26. Rd1 f5 27. Qg5 Rd7 28. Qg3 f4 29. Qf3 Bf7 30. Bxf7 Rxd1+ 31. Qxd1 Kxf7 32. Qd5+ Ke7 33. Qxc5+ bxc5 34. Kf1 Kd7 35. Ke2 Kc6 36. a4 c4 37. g3 g5 38. gxf4 gxf4 39. Kf3 Kb6 40. Kg4 Ka5 41. Kf5 Kxa4 42. Kxe5 Kb3 43. Kd4 1-0